| 000 | 02626cam a22002894a 4500 | ||
|---|---|---|---|
| 999 |
_c17311 _d17311 |
||
| 001 | 12806168 | ||
| 003 | OSt | ||
| 005 | 20170419104918.0 | ||
| 008 | 020607s1999 ne a b 001 0 eng | ||
| 010 | _a 2002405996 | ||
| 020 | _a978-8183565264 | ||
| 040 |
_aDLC _cDLC _dDLC |
||
| 042 | _apcc | ||
| 050 | 0 | 0 |
_aRB111 _b.J275 1999 |
| 082 | 0 | 0 |
_a616.07 _221 |
| 100 | 1 |
_aLata Bhattacharya _91059 |
|
| 245 | 1 | 0 |
_aUnderstanding pathology _cLata Bhattacharya |
| 260 |
_anew delhi _bDiscovery publishing house pvt ltd _cc2010 |
||
| 300 |
_axi, 319 p. : _bill. ; _c26 cm. |
||
| 906 |
_a7 _bcbc _corignew _d3 _encip _f20 _gy-gencatlg |
||
| 942 |
_2ddc _cBK |
||